Home Print Resources E-Books E-Journals IIMT Lecture Series Library Membership Form Book Recommendation Form Campus Tour Take AdmissionAbout Us Contact Us

An Introduction to computer Scince Using Python 3.6 (Record no. 50830)

000 -LEADER
fixed length control field 00430nam a22001817a 4500
003 - CONTROL NUMBER IDENTIFIER
control field OSt
005 - DATE AND TIME OF LATEST TRANSACTION
control field 20240226163639.0
008 - FIXED-LENGTH DATA ELEMENTS--GENERAL INFORMATION
fixed length control field 210611b xxu||||| |||| 00| 0 eng d
020 ## - INTERNATIONAL STANDARD BOOK NUMBER
International Standard Book Number 9789352136810
040 ## - CATALOGING SOURCE
Transcribing agency Serosoft
100 ## - MAIN ENTRY--PERSONAL NAME
Personal name Gries Paul
245 ## - TITLE STATEMENT
Title An Introduction to computer Scince Using Python 3.6
250 ## - EDITION STATEMENT
Edition statement Third
260 ## - PUBLICATION, DISTRIBUTION, ETC.
Place of publication, distribution, etc. Navi Mumbai
Name of publisher, distributor, etc. SPD
300 ## - PHYSICAL DESCRIPTION
Extent 383
365 ## - TRADE PRICE
Price amount 675
942 ## - ADDED ENTRY ELEMENTS (KOHA)
Source of classification or shelving scheme
Koha item type Book Bank
Edition Third
Holdings
Withdrawn status Lost status Source of classification or shelving scheme Damaged status Not for loan Home library Current library Date acquired Cost, normal purchase price Total Checkouts Barcode Date last seen Price effective from Koha item type
          IIMT Engineering College-BTech IIMT Engineering College-BTech 06/11/2021 675.00   06-B-64831 06/11/2021 06/11/2021 Book Bank
          IIMT Engineering College-BTech IIMT Engineering College-BTech 06/11/2021 675.00   06-B-64832 06/11/2021 06/11/2021 Book Bank
IIMT, Central Library. All Rights Reserved IIMT,UNIVERSITY © 2023
Implemented and Customised by I CLOUDE EMS
You Are OPAC Visitor No
free web counter

Powered by Koha